00676nam a22002297a 450000500170000001000140001702000260003103500130005703700130007008200120008324500870009526000400018227000610022230000270028350000500031065000220036065000150038265000230039770000200042070000030044070000030044320100803151845.0 aENG-97923 a9788178311807c600.00 aEN-81456 bDBAD/PUB a320.454 aFederal power sharing :cedited by Akhtar Majeedbaccommodating Indian diversity / aNew DelhibManak Publicationsc2009 aB-7, Saraswati Complex, Subhash ChowkbNew Delhie110092 avi, 219 p. c24cm (Hb) aIncludes bibliographical references and index aFedral government aDemocracy  aMulti culturallism aMajeed, Akhtar